Sports Quiz

Random Sports or NFL Quiz

NFL Rushing TD Leaders (Season) Quiz Stats

 Plays Quiz Updated Jan 5, 2021

     
Support Sporcle.
Go Orange.
Score 0/32 Timer 05:00
0 Plays Today
TDs Player % Correct
28LaDainian Tomlinson
93%
18LaDainian Tomlinson
93%
17LaDainian Tomlinson
93%
25Emmitt Smith
84.1%
21Emmitt Smith
84.1%
18Emmitt Smith
84.1%
27Shaun Alexander
75.1%
18Spec Sanders
68.6%
17Derrick Henry
68.1%
20Larry Johnson
68.1%
17Larry Johnson
68.1%
27Priest Holmes
66.2%
21Priest Holmes
66.2%
17Jim Brown
61.4%
17Jim Brown
61.4%
18Marshall Faulk
55.3%
TDs Player % Correct
21Terrell Davis
51.6%
17Stephen Davis
51%
18DeAngelo Williams
47.7%
18Eric Dickerson
45.2%
17Todd Gurley
43.3%
21Terry Allen
36.6%
18Adrian Peterson
36.4%
18LeGarrette Blount
30.3%
17LeSean McCoy
30.3%
24John Riggins
29.7%
17Michael Turner
29.2%
19Earl Campbell
26.7%
19Jim Taylor
24.5%
21Joe Morris
11.8%
18George Rogers
5.9%
19Chuck Muncie
3.3%

From the Vault

Balanced Celebrities

by Eobo

When we say 'balanced', we're not talking about facial symmetry. Though some of them might have that, too.
Remove Ads.
Support Sporcle.
Get the best of Sporcle when you Go Orange. This ad-free experience offers more features, more stats, and more fun while also helping to support Sporcle. Thank you for becoming a member.

Show Comments

Extras

Top Quizzes Today


Score Distribution

Your Account Isn't Verified!

In order to create a playlist on Sporcle, you need to verify the email address you used during registration. Go to your Sporcle Settings to finish the process.

Report this User

Report this user for behavior that violates our Community Guidelines.

Details: